Normal view
MARC view
Entry Personal Name
001 - CONTROL NUMBER
- control field: 14711
003 - CONTROL NUMBER IDENTIFIER
- control field: OSt
005 - DATE AND TIME OF LATEST TRANSACTION
- control field: 20210907104613.0
008 - FIXED-LENGTH DATA ELEMENTS
- fixed length control field: 210907|| aca||aabn | a|a d
040 ## - CATALOGING SOURCE
- Original cataloging agency: OSt
- Transcribing agency: OSt
100 ## - HEADING--PERSONAL NAME
- Personal name: Watson, H. B.
- Fuller form of name: (Herbert Ben)
670 ## - SOURCE DATA FOUND
- Source citation: Work cat.: (OSt)0: Watson, H. B. (Herbert Ben), Modern theories of organic chemistry,, 1941.
